Komparace sovereign ratingu vybraných ratingových agentur

Podstata a definície ratingu. Medzinárodné ratingové agentúry. Standard & Poor's. Moody's Investors. Fitch Ratings. Komparácia ratingu troch významných ratingových agentúr.

Guardado en:
Detalles Bibliográficos
Autor principal: Kotěšovcová, Jana
Formato: Capítulo de libro
Lenguaje:checo
Materias:
Etiquetas: Agregar Etiqueta
Sin Etiquetas, Sea el primero en etiquetar este registro!

MARC

LEADER 00000naa a2200000 4500
001 0246844
005 20220713131128.0
041 0 |a cze 
044 |a CZ 
245 1 0 |a Komparace sovereign ratingu vybraných ratingových agentur  |c Jana Kotěšovcová 
520 |a Podstata a definície ratingu. Medzinárodné ratingové agentúry. Standard & Poor's. Moody's Investors. Fitch Ratings. Komparácia ratingu troch významných ratingových agentúr. 
610 2 0 |a rating 
610 2 0 |a agentúry 
610 2 0 |a politika hospodárska 
610 2 0 |a krajiny vyspelé 
100 1 |a Kotěšovcová, Jana